[Event "8. Griesheimer Schachtage 2012"]
[Site "Griesheim"]
[Date "2012.05.20"]
[Round "5.7"]
[White "Freund, Karlheinz"]
[Black "Rehfeldt, Frank"]
[Result "0-1"]
[WhiteElo "1921"]
[BlackElo "2106"]
[PlyCount "44"]
[EventDate "2012.05.20"]

1. d4 d5 2. Nc3 Nf6 3. Bg5 Bf5 4. f3 c6 5. Qd2 Nbd7 6. e3 h6 7. Bh4 Qb6 8. Na4
Qc7 9. Bg3 e5 10. b3 Bd6 11. c4 exd4 12. Bxd6 Qxd6 13. exd4 dxc4 14. bxc4 O-O
15. c5 Qc7 16. Nb2 Rfe8+ 17. Kf2 b6 18. cxb6 axb6 19. Bc4 b5 20. Bb3 c5 21. Bc2
Bxc2 22. Qxc2 Qf4 0-1

[Event "8. Griesheimer Schachtage 2012"]
[Site "Griesheim"]
[Date "2012.05.20"]
[Round "5.8"]
[White "Galkin, Wladislaw"]
[Black "Schmitt, Roland"]
[Result "1/2-1/2"]
[WhiteElo "2057"]
[BlackElo "1916"]
[PlyCount "74"]
[EventDate "2012.05.20"]

1. c4 Nf6 2. Nc3 d5 3. d4 g6 4. cxd5 Nxd5 5. e4 Nxc3 6. bxc3 Bg7 7. Be3 c5 8.
Bc4 Nc6 9. Ne2 O-O 10. O-O Bg4 11. f3 Na5 12. Bb3 cxd4 13. cxd4 Bd7 14. Rb1 b5
15. Qd2 Rc8 16. Rfc1 Qb6 17. Nc3 Nxb3 18. axb3 e6 19. e5 b4 20. Ne4 Rxc1+ 21.
Rxc1 Rc8 22. Rd1 Bb5 23. Bh6 Bxe5 24. Qxb4 a5 25. Qd2 f5 26. Be3 Rd8 27. Nc5
Bxd4 28. Bxd4 e5 29. Qa2 Rxd4 30. Rxd4 exd4 31. b4+ Kg7 32. Qe6 Qd8 33. bxa5 d3
34. Qe5+ Kg8 35. Ne6 Qe7 36. Qxb5 Qxe6 37. Qxd3 Qe1+ 1/2-1/2

[Event "8. Griesheimer Schachtage 2012"]
[Site "Griesheim"]
[Date "2012.05.20"]
[Round "5.9"]
[White "Launert, Martin"]
[Black "Nies, Peter"]
[Result "1/2-1/2"]
[WhiteElo "1845"]
[BlackElo "2044"]
[PlyCount "36"]
[EventDate "2012.05.20"]

1. e4 e6 2. d4 d5 3. Nc3 Nf6 4. Bg5 Be7 5. e5 Nfd7 6. Bxe7 Qxe7 7. f4 O-O 8.
Nf3 c5 9. Nb5 Nc6 10. c3 f6 11. Be2 fxe5 12. fxe5 cxd4 13. cxd4 a6 14. Nd6 Rxf3
15. Bxf3 Qh4+ 16. g3 Qxd4 17. Qxd4 Nxd4 18. O-O Nxe5 1/2-1/2

[Event "8. Griesheimer Schachtage 2012"]
[Site "Griesheim"]
[Date "2012.05.20"]
[Round "5.10"]
[White "Schlapp, Thomas"]
[Black "Mager, Thomas"]
[Result "1-0"]
[WhiteElo "2285"]
[BlackElo "1922"]
[PlyCount "65"]
[EventDate "2012.05.20"]

1. d4 f5 2. g3 Nf6 3. Bg2 g6 4. Nf3 Bg7 5. O-O O-O 6. c3 d6 7. Qb3+ d5 8. Ne5
c6 9. c4 Qb6 10. Qxb6 axb6 11. Nc3 dxc4 12. Nxc4 Nbd7 13. Bf4 b5 14. Ne5 b4 15.
Nb1 Nb6 16. Nd2 Be6 17. Nb3 Bxb3 18. axb3 Rfd8 19. e3 Nfd5 20. Nd3 h6 21. Nc5
Nxf4 22. gxf4 Rab8 23. Ra7 Nd5 24. Bxd5+ cxd5 25. Rxb7 Rxb7 26. Nxb7 Ra8 27.
Nc5 Ra2 28. Na4 Kf7 29. Rd1 e6 30. Kf1 Bf6 31. Ke2 Bh4 32. Rf1 Ke7 33. Kd2 1-0

[Event "8. Griesheimer Schachtage 2012"]
[Site "Griesheim"]
[Date "2012.05.20"]
[Round "5.11"]
[White "Bingert, Tim Niklas"]
[Black "Kopp, Peter"]
[Result "1/2-1/2"]
[WhiteElo "1885"]
[BlackElo "2089"]
[PlyCount "94"]
[EventDate "2012.05.20"]

1. e4 c5 2. Nf3 Nc6 3. d4 cxd4 4. Nxd4 e5 5. Nb5 a6 6. Nd6+ Bxd6 7. Qxd6 Qf6 8.
Qxf6 Nxf6 9. Nc3 d5 10. exd5 Nb4 11. Bd3 Nfxd5 12. Nxd5 Nxd5 13. Bd2 O-O 14.
O-O Re8 15. Rfe1 Bd7 16. c4 Nf6 17. Bc3 e4 18. Bc2 Bc6 19. a4 Rac8 20. b4 Bd5
21. c5 b6 22. Rad1 Be6 23. Bxf6 gxf6 24. Bxe4 bxc5 25. b5 Bb3 26. Rb1 axb5 27.
axb5 c4 28. b6 f5 29. Bxf5 Rxe1+ 30. Rxe1 Rb8 31. f3 Rxb6 32. Rc1 Rd6 33. Rc3
Kg7 34. Kf2 Rd2+ 35. Kg3 h6 36. Be4 Kf6 37. f4 Ke6 38. Kf3 f5 39. Ke3 Rd8 40.
Bf3 Kd6 41. Kd4 Ke6+ 42. Ke3 Rd6 43. h3 Rd8 44. g4 Kf6 45. gxf5 Kxf5 46. Bg4+
Kg6 47. Be6 Re8 1/2-1/2

[Event "8. Griesheimer Schachtage 2012"]
[Site "Griesheim"]
[Date "2012.05.20"]
[Round "5.12"]
[White "Linnemann, Niklas"]
[Black "Berkes, Alexander"]
[Result "1-0"]
[WhiteElo "1933"]
[BlackElo "1816"]
[PlyCount "91"]
[EventDate "2012.05.20"]

1. e4 e6 2. d4 d5 3. Nd2 c5 4. Ngf3 Nc6 5. exd5 exd5 6. Bb5 Bd6 7. dxc5 Bxc5 8.
Nb3 Bd6 9. O-O Nge7 10. Be3 O-O 11. Qd2 Qc7 12. h3 Ne5 13. Nxe5 Bxe5 14. c3 Bd7
15. Bxd7 Qxd7 16. Bc5 Bd6 17. Bxd6 Qxd6 18. Nd4 Rad8 19. Qc2 Nc6 20. Rad1 Rfe8
21. Rd2 Re4 22. Rfd1 Rde8 23. Nf3 Qc7 24. Rxd5 h6 25. Qb3 Ne5 26. Nxe5 R4xe5
27. Rxe5 Rxe5 28. Qb4 a5 29. Qd4 Rb5 30. b3 Re5 31. c4 Re2 32. a3 Qe7 33. a4
Re1+ 34. Rxe1 Qxe1+ 35. Kh2 Qb4 36. Qd8+ Kh7 37. Qd3+ Kg8 38. Qe3 Kf8 39. c5
Qh4 40. Qd2 Qf6 41. g3 Ke7 42. Kg1 Qa6 43. Qd4 Qf6 44. Qe4+ Qe6 45. Qxb7+ Kd8
46. Kg2 1-0

[Event "8. Griesheimer Schachtage 2012"]
[Site "Griesheim"]
[Date "2012.05.20"]
[Round "5.13"]
[White "Schellen, Sven"]
[Black "Gutacker, Stephan"]
[Result "0-1"]
[WhiteElo "1795"]
[BlackElo "1956"]
[PlyCount "108"]
[EventDate "2012.05.20"]

1. d4 Nf6 2. c4 e6 3. Nc3 d5 4. Nf3 c6 5. Bg5 Be7 6. e3 Nbd7 7. Rc1 O-O 8. Bd3
b6 9. cxd5 exd5 10. Bxf6 Bxf6 11. Qa4 Bb7 12. Bf5 g6 13. Bh3 b5 14. Qb3 Nb6 15.
O-O a5 16. a3 Nc4 17. Rfd1 Re8 18. Nd2 Nd6 19. Qc2 a4 20. Na2 Nc4 21. Nxc4 dxc4
22. Nc3 Qb6 23. g3 Rad8 24. Bg2 Bg7 25. Ne4 f5 26. Nc5 Ba8 27. Bf1 Bf8 28.
Bxc4+ bxc4 29. Qxc4+ Rd5 30. Nd7 Qd8 31. Ne5 Qb6 32. Nd3 Kh8 33. Nf4 Rd7 34.
Qxa4 Qxb2 35. Rxc6 Bxc6 36. Qxc6 Rde7 37. Nd5 Re6 38. Qd7 Qxa3 39. Qb5 Qa7 40.
Rc1 Rb8 41. Qc4 Ra6 42. Rc2 Ra1+ 43. Kg2 Qa6 44. Qc7 Qf1+ 45. Kf3 Qh1+ 46. Kf4
Qe4+ 47. Kg5 h6+ 48. Kxg6 Ra6+ 49. Rc6 Rxc6+ 50. Qxc6 Qg4+ 51. Kf6 Qg5+ 52. Ke5
Bg7+ 53. Kd6 Qg6+ 54. Kc5 Bf8+ 0-1

[Event "8. Griesheimer Schachtage 2012"]
[Site "Griesheim"]
[Date "2012.05.20"]
[Round "5.14"]
[White "Pabel, Ralph"]
[Black "Gramlich, Sebastian"]
[Result "0-1"]
[WhiteElo "1776"]
[BlackElo "2283"]
[PlyCount "68"]
[EventDate "2012.05.20"]

1. d4 Nf6 2. c4 g6 3. Nc3 d5 4. cxd5 Nxd5 5. e4 Nxc3 6. bxc3 Bg7 7. Bc4 O-O 8.
Ne2 c5 9. O-O Nc6 10. Be3 Qc7 11. Qc2 Na5 12. Bb3 Nxb3 13. Qxb3 b6 14. Rad1 Ba6
15. Rfe1 cxd4 16. cxd4 Rac8 17. Qa3 Qb7 18. f3 Rc2 19. Nf4 Rfc8 20. Nd5 Bf8 21.
Nb4 Be2 22. Nxc2 Bxd1 23. Rxd1 Rxc2 24. Qa4 Rc3 25. Bd2 b5 26. Qa5 Rd3 27. Rb1
a6 28. Bc3 Qc8 29. Rc1 Rxd4 30. Bb2 Rc4 31. Rd1 Rc2 32. Bd4 Qc4 33. Rd2 e5 34.
Bxe5 Bc5+ 0-1

[Event "8. Griesheimer Schachtage 2012"]
[Site "Griesheim"]
[Date "2012.05.20"]
[Round "5.15"]
[White "Lopez Fuertes, Victor"]
[Black "Barisch, Florian"]
[Result "0-1"]
[WhiteElo "1778"]
[BlackElo "1956"]
[PlyCount "72"]
[EventDate "2012.05.20"]

1. e4 c5 2. f4 Nc6 3. Nf3 Nf6 4. d3 d6 5. Nc3 g6 6. Be2 Bg7 7. O-O O-O 8. Kh1
a6 9. Nd5 Nxd5 10. exd5 Nd4 11. Nxd4 cxd4 12. Bd2 Qb6 13. Rb1 Qc5 14. Bf3 b5
15. b4 Qc7 16. Qe1 Bb7 17. Rc1 Rfc8 18. Qe2 Qd8 19. Qe1 Rc7 20. c3 dxc3 21. Be3
Qd7 22. Qf2 Re8 23. Bb6 Rcc8 24. Bd4 Bxd4 25. Qxd4 c2 26. Qb2 Qf5 27. Be4 Qf6
28. Rxc2 Rxc2 29. Qxc2 Qd4 30. Qb3 Rc8 31. h3 Rc3 32. Qb2 Rxd3 33. Qxd4 Rxd4
34. Re1 Rxb4 35. g3 Rxe4 36. Rxe4 Bxd5 0-1

[Event "8. Griesheimer Schachtage 2012"]
[Site "Griesheim"]
[Date "2012.05.20"]
[Round "5.16"]
[White "Pham-Tran, Phuong Bao"]
[Black "Hornung, Thomas"]
[Result "0-1"]
[WhiteElo "1771"]
[BlackElo "1945"]
[PlyCount "92"]
[EventDate "2012.05.20"]

1. g3 c5 2. c4 Nc6 3. Nc3 g6 4. Bg2 Bg7 5. Nf3 e5 6. d3 Nge7 7. O-O O-O 8. Ne1
d6 9. Nc2 Be6 10. Ne3 Rb8 11. Ned5 a6 12. a4 h6 13. Bd2 f5 14. Nxe7+ Nxe7 15.
Nd5 Nxd5 16. cxd5 Bf7 17. e4 b5 18. axb5 axb5 19. Ra6 Ra8 20. Qa1 Qc8 21. Ra5
Qb7 22. b4 Rxa5 23. bxa5 Ra8 24. Qa2 Qa6 25. Ra1 Be8 26. f3 b4 27. Qb3 Qb5 28.
Bf1 Rxa5 29. Rxa5 Qxa5 30. Be2 Kh7 31. Kg2 Bb5 32. Kf2 h5 33. Bd1 Qa1 34. Be3
h4 35. gxh4 f4 36. Bd2 Bf6 37. Ke2 Bxh4 38. Be1 Bxe1 39. Kxe1 Qd4 40. Kf1 Bxd3+
41. Kg2 Kh6 42. Qa2 Bc4 43. Qa8 Qd2+ 44. Kh3 Bf1+ 45. Kg4 Qg2+ 46. Kh4 Qg5# 0-1

[Event "8. Griesheimer Schachtage 2012"]
[Site "Griesheim"]
[Date "2012.05.20"]
[Round "5.17"]
[White "Rolf, Marco"]
[Black "Ruell, Michael"]
[Result "1/2-1/2"]
[WhiteElo "1898"]
[BlackElo "1784"]
[PlyCount "53"]
[EventDate "2012.05.20"]

1. d4 Nf6 2. c4 d6 3. Nc3 g6 4. e4 Bg7 5. Be2 O-O 6. Nf3 Nbd7 7. O-O e5 8. Be3
Ng4 9. Bg5 f6 10. Bh4 Nh6 11. d5 g5 12. Bg3 f5 13. exf5 Nxf5 14. Ne4 Nxg3 15.
hxg3 h6 16. Qd3 Nf6 17. Nfd2 Bf5 18. Rac1 Qe8 19. f3 Qg6 20. Nxf6+ Rxf6 21. Ne4
Rf7 22. g4 Bxe4 23. fxe4 Rxf1+ 24. Rxf1 Rf8 25. Rxf8+ Bxf8 26. Qf3 Qf7 27. Qf5
1/2-1/2

[Event "8. Griesheimer Schachtage 2012"]
[Site "Griesheim"]
[Date "2012.05.20"]
[Round "5.18"]
[White "Lindemann, Antje"]
[Black "Kellerwessel, Ralf"]
[Result "1-0"]
[WhiteElo "1672"]
[BlackElo "1888"]
[PlyCount "107"]
[EventDate "2012.05.20"]

1. e4 g6 2. d4 Bg7 3. Nf3 d6 4. c3 Nc6 5. Bb5 a6 6. Ba4 b5 7. Bb3 Nf6 8. e5
dxe5 9. Nxe5 Nxe5 10. dxe5 Qxd1+ 11. Bxd1 Ng4 12. f4 h5 13. Bf3 Rb8 14. h3 Nh6
15. Be3 Bb7 16. Nd2 Nf5 17. Bf2 Bxf3 18. Nxf3 O-O 19. O-O Rfd8 20. Rfd1 e6 21.
Nd4 Nxd4 22. Bxd4 Rd5 23. b4 Rbd8 24. Re1 Bf8 25. a3 c5 26. Be3 Be7 27. Kf2 g5
28. Kf3 Rd3 29. Rac1 Kg7 30. Ke2 Kg6 31. fxg5 cxb4 32. axb4 Bxg5 33. Bxg5 Kxg5
34. Rf1 R8d7 35. Rxf7 Rxc3 36. Rxc3 Rxf7 37. Rc6 Kf5 38. Rxa6 Rd7 39. Rd6 Rc7
40. Rb6 Rc2+ 41. Kf3 Rc3+ 42. Kf2 h4 43. Rxb5 Kf4 44. Rc5 Rb3 45. Rc4+ Kg5 46.
Rg4+ Kh5 47. Ke2 Rb2+ 48. Kd3 Rb1 49. Kc4 Re1 50. Kd4 Rb1 51. Kc5 Rd1 52. Rd4
Re1 53. Kd6 Re2 54. Rg4 1-0

[Event "8. Griesheimer Schachtage 2012"]
[Site "Griesheim"]
[Date "2012.05.20"]
[Round "5.19"]
[White "Rauscher, Joachim"]
[Black "Berkes, Joerg"]
[Result "0-1"]
[WhiteElo "1672"]
[BlackElo "1777"]
[PlyCount "120"]
[EventDate "2012.05.20"]

1. e4 e6 2. d4 d5 3. exd5 exd5 4. Bd3 Bd6 5. Nf3 Nf6 6. O-O O-O 7. Bd2 Bg4 8.
h3 Bh5 9. Nc3 Nc6 10. Be3 a6 11. a4 Re8 12. Be2 Nb4 13. Nb1 Bg6 14. Na3 Rc8 15.
c3 Nc6 16. Bg5 h6 17. Bh4 Be4 18. Bd3 g5 19. Bg3 Bxg3 20. fxg3 Qd6 21. Ne5 Nxe5
22. dxe5 Qxe5 23. Bxe4 Nxe4 24. Qh5 Qe6 25. Rae1 Nxg3 26. Rxe6 Nxh5 27. Rxh6
Nf4 28. h4 Re2 29. hxg5 Ng6 30. Rf2 Re5 31. Rh5 Rce8 32. Nc2 Re4 33. Nd4 Rg4
34. Nf5 Re1+ 35. Kh2 Ne5 36. Nh6+ Kg7 37. Nxg4 Nxg4+ 38. Kg3 Nxf2 39. Kxf2 Ra1
40. g6 Kxg6 41. Rxd5 Ra2 42. Rd2 Rxa4 43. Kf3 Kf6 44. Re2 Rc4 45. Rd2 Ke6 46.
Re2+ Kd6 47. Rd2+ Kc6 48. Re2 Rc5 49. g4 Kd6 50. Kf4 a5 51. g5 a4 52. Rd2+ Ke7
53. Rd3 Kf8 54. Re3 Kg7 55. Rd3 Kg6 56. Rg3 Rf5+ 57. Ke4 Rxg5 58. Rd3 Rg2 59.
Rd7 Rxb2 60. Rxc7 a3 0-1

[Event "8. Griesheimer Schachtage 2012"]
[Site "Griesheim"]
[Date "2012.05.20"]
[Round "5.20"]
[White "Yilmaz, Ahmet"]
[Black "Dshurowa, Petra"]
[Result "1-0"]
[WhiteElo "1850"]
[BlackElo "1774"]
[PlyCount "73"]
[EventDate "2012.05.20"]

1. e4 c5 2. Nf3 Nc6 3. d3 g6 4. g3 Bg7 5. Bg2 e6 6. O-O Nge7 7. Nbd2 O-O 8. Re1
d5 9. c3 d4 10. c4 e5 11. Nf1 Be6 12. Ng5 Qd7 13. Nxe6 Qxe6 14. f4 f6 15. h4 a6
16. Kh2 exf4 17. Bxf4 Ne5 18. Bh3 Qb6 19. b3 Rae8 20. Qe2 N7c6 21. Nd2 Nb4 22.
Bxe5 fxe5 23. Nf3 Bh6 24. Rf1 Qc7 25. h5 gxh5 26. Nh4 Qg7 27. Qxh5 Rxf1 28.
Rxf1 Rf8 29. Nf5 Rxf5 30. Rxf5 Qg6 31. Qxg6+ hxg6 32. Rxe5 Nxd3 33. Re6 Kf7 34.
Rb6 Nb2 35. Rxb7+ Kf6 36. Rb6+ Ke5 37. Re6# 1-0

[Event "8. Griesheimer Schachtage 2012"]
[Site "Griesheim"]
[Date "2012.05.20"]
[Round "5.21"]
[White "Haas, Vanessa"]
[Black "Richter, Tony"]
[Result "1/2-1/2"]
[WhiteElo "1849"]
[BlackElo "1703"]
[PlyCount "29"]
[EventDate "2012.05.20"]

1. e4 c5 2. Nf3 d6 3. d4 cxd4 4. Nxd4 a6 5. Nc3 b5 6. a3 Bb7 7. Nd5 e6 8. Nc3
Nd7 9. Bd3 Rc8 10. O-O Qc7 11. Kh1 Be7 12. f4 h5 13. f5 e5 14. Nf3 Ngf6 15. Qe1
1/2-1/2

[Event "8. Griesheimer Schachtage 2012"]
[Site "Griesheim"]
[Date "2012.05.20"]
[Round "5.22"]
[White "Jung, Bernd"]
[Black "Jesze, Paul"]
[Result "1-0"]
[WhiteElo "1825"]
[BlackElo "1615"]
[PlyCount "51"]
[EventDate "2012.05.20"]

1. e4 c5 2. Nf3 Nc6 3. Bb5 d6 4. Bxc6+ bxc6 5. d3 e6 6. O-O Ne7 7. Re1 g6 8.
Bg5 Bg7 9. Nc3 O-O 10. Qd2 Bd7 11. Bh6 Rb8 12. Rab1 d5 13. h4 Qa5 14. Bxg7 Kxg7
15. h5 d4 16. h6+ Kh8 17. Qf4 Ng8 18. Nd5 exd5 19. Ne5 Be6 20. Nxc6 Qb6 21. Ne7
Qd8 22. Nxg8 Rxg8 23. Qe5+ f6 24. Qxe6 dxe4 25. Rxe4 Re8 26. Qf7 1-0

[Event "8. Griesheimer Schachtage 2012"]
[Site "Griesheim"]
[Date "2012.05.20"]
[Round "5.23"]
[White "Bejan, Viorel"]
[Black "Plattner, Rolf"]
[Result "1/2-1/2"]
[WhiteElo "1555"]
[BlackElo "1871"]
[PlyCount "104"]
[EventDate "2012.05.20"]

1. e4 c5 2. Nc3 Nc6 3. Bb5 d6 4. Bxc6+ bxc6 5. f4 g6 6. Nf3 Bg7 7. O-O e6 8. d3
Ne7 9. Qe1 O-O 10. Qg3 d5 11. Rb1 Qb6 12. Na4 Qb5 13. b3 dxe4 14. c4 Qb8 15.
dxe4 Qc7 16. Be3 Bb7 17. Bxc5 Rfd8 18. Rbd1 Rd7 19. Rxd7 Qxd7 20. Bxe7 Qxe7 21.
Rd1 c5 22. Qg5 Qc7 23. e5 Bf8 24. Qh4 Be7 25. Ng5 h5 26. Qe1 Bxg5 27. fxg5 Rd8
28. Kf2 Rxd1 29. Qxd1 Qxe5 30. Qd8+ Kh7 31. Qf6 Qd4+ 32. Qxd4 cxd4 33. Nc5 Ba8
34. g3 Kg7 35. Ke2 e5 36. Kd3 f6 37. gxf6+ Kxf6 38. b4 Ke7 39. a4 Kd6 40. a5
Bc6 41. Nb3 Ba8 42. b5 g5 43. a6 Bg2 44. c5+ Kc7 45. Nd2 Bd5 46. Nb1 Bg2 47.
Nd2 Bd5 48. Nc4 Bxc4+ 49. Kxc4 g4 50. Kd3 Kb8 51. Ke4 Kc7 52. c6 Kb6 1/2-1/2

[Event "8. Griesheimer Schachtage 2012"]
[Site "Griesheim"]
[Date "2012.05.20"]
[Round "5.24"]
[White "Josic, Ivica"]
[Black "Wabra, Robert"]
[Result "0-1"]
[WhiteElo "1616"]
[BlackElo "1834"]
[PlyCount "94"]
[EventDate "2012.05.20"]

1. e4 c5 2. d4 cxd4 3. Qxd4 Nc6 4. Qd1 e6 5. Nf3 Bc5 6. c3 a5 7. Bc4 b5 8. Bxb5
Qb6 9. Qe2 Bxf2+ 10. Qxf2 Qxb5 11. Na3 Qb8 12. O-O Nf6 13. Qh4 Ba6 14. Re1 Ne5
15. Nxe5 Qxe5 16. Bf4 Qc5+ 17. Be3 Qh5 18. Qxh5 Nxh5 19. e5 f5 20. Rad1 f4 21.
Bf2 g5 22. g4 fxg3 23. hxg3 Ng7 24. Rd6 Nf5 25. Rd2 h5 26. b4 axb4 27. cxb4 g4
28. b5 Bb7 29. Nc4 h4 30. gxh4 g3 31. Bxg3 Nxg3 32. Nd6+ Ke7 33. Nxb7 Rag8 34.
Rg2 Rxh4 35. Nd6 Rh1+ 36. Kf2 Rf8+ 37. Kxg3 Rxe1 38. a4 Rxe5 39. Nc4 Rg5+ 40.
Kh2 Rxg2+ 41. Kxg2 d5 42. Ne5 Kd6 43. Nc6 Kc5 44. Kg3 d4 45. Kg4 d3 46. Ne5 Rd8
47. Nc6 d2 0-1

[Event "8. Griesheimer Schachtage 2012"]
[Site "Griesheim"]
[Date "2012.05.20"]
[Round "5.25"]
[White "Felde, Philipp"]
[Black "Hamar, Robert"]
[Result "0-1"]
[WhiteElo "1423"]
[BlackElo "1653"]
[PlyCount "35"]
[EventDate "2012.05.20"]

1. d4 Nf6 2. c4 g6 3. g3 d5 4. cxd5 Nxd5 5. Nf3 Bg7 6. Bg2 O-O 7. O-O c6 8. e4
Nb6 9. Nc3 Bg4 10. Ne2 N8d7 11. Qd3 Rc8 12. h3 Bxf3 13. Qxf3 e5 14. Be3 Nc4 15.
b3 exd4 16. Bxd4 Bxd4 17. Rfd1 Nce5 18. Qd3 0-1

[Event "8. Griesheimer Schachtage 2012"]
[Site "Griesheim"]
[Date "2012.05.20"]
[Round "5.26"]
[White "Puzzo, Peter"]
[Black "Henkelmann, Frank"]
[Result "1-0"]
[WhiteElo "1650"]
[BlackElo "1222"]
[PlyCount "49"]
[EventDate "2012.05.20"]

1. d4 c6 2. c4 d5 3. Nc3 Bf5 4. cxd5 cxd5 5. Qb3 Nc6 6. e3 e6 7. Qxb7 Rc8 8.
Bb5 Nge7 9. Nf3 a5 10. Ne5 Rc7 11. Bxc6+ Nxc6 12. Qb5 Qc8 13. O-O Bb4 14. Bd2
O-O 15. Nxc6 Rxc6 16. a3 Bxc3 17. Bxc3 e5 18. Qxd5 e4 19. f4 exf3 20. Rxf3 Rxc3
21. bxc3 Qxc3 22. Raf1 Be6 23. Qxe6 Qe1 24. Rxf7 Kh8 25. Rxf8# 1-0

[Event "8. Griesheimer Schachtage 2012"]
[Site "Griesheim"]
[Date "2012.05.20"]
[Round "5.28"]
[White "Dankesreiter, Arne"]
[Black "Grote, Steffi"]
[Result "1/2-1/2"]
[WhiteElo "1993"]
[BlackElo "1551"]
[PlyCount "59"]
[EventDate "2012.05.20"]

1. e4 c5 2. c3 Nc6 3. d4 cxd4 4. cxd4 g6 5. Nf3 Bg7 6. Be3 d6 7. Nc3 Nf6 8. h3
O-O 9. Be2 a6 10. O-O b5 11. d5 Na5 12. Nd4 b4 13. Na4 Nxe4 14. Nc6 Nxc6 15.
dxc6 Qc7 16. Qc2 Bf5 17. g4 Nc3 18. gxf5 Nxe2+ 19. Qxe2 Qxc6 20. Nb6 Rab8 21.
Rac1 Qb7 22. Rc2 Rfd8 23. fxg6 fxg6 24. Qg4 d5 25. Qe6+ Kh8 26. Bc5 d4 27. Qxe7
Qf3 28. Nd7 Qxh3 29. Nxb8 Qg4+ 30. Kh1 1/2-1/2

[Event "8. Griesheimer Schachtage 2012"]
[Site "Griesheim"]
[Date "2012.05.20"]
[Round "5.29"]
[White "Hamar, Dirk"]
[Black "Muehlbach, Christian"]
[Result "0-1"]
[WhiteElo "1541"]
[BlackElo "1709"]
[PlyCount "59"]
[EventDate "2012.05.20"]

1. c4 e5 2. Nc3 f5 3. g3 Nf6 4. Bg2 Nc6 5. e4 d6 6. d3 Be7 7. Nge2 O-O 8. O-O
Qe8 9. Nb5 Bd8 10. f4 fxe4 11. fxe5 Nxe5 12. dxe4 Nxc4 13. Nec3 Ne5 14. Bg5 Qc6
15. Bxf6 Bxf6 16. Qd5+ Kh8 17. Qxc6 bxc6 18. Nd4 Rb8 19. Nb3 Ba6 20. Rf2 Bg5
21. Rf5 Be3+ 22. Kh1 g6 23. Rxf8+ Rxf8 24. Re1 Ng4 25. Nd1 Bb6 26. Nd2 Nf2+ 27.
Nxf2 Rxf2 28. Bf1 Bxf1 29. Nxf1 Rxb2 30. Ne3 0-1

[Event "8. Griesheimer Schachtage 2012"]
[Site "Griesheim"]
[Date "2012.05.20"]
[Round "5.30"]
[White "Breining, Anton"]
[Black "Reuter, Klaus"]
[Result "0-1"]
[WhiteElo "1487"]
[BlackElo "1644"]
[PlyCount "68"]
[EventDate "2012.05.20"]

1. e4 c5 2. Bc4 Nc6 3. a3 Nf6 4. d3 g6 5. Nf3 Bg7 6. O-O d6 7. Nc3 Bg4 8. h3
Bxf3 9. Qxf3 Nd4 10. Qd1 O-O 11. Ne2 Nd7 12. c3 Nc6 13. f4 Rb8 14. f5 b5 15.
Ba2 Qb6 16. Kh1 Nde5 17. fxg6 hxg6 18. Be3 Qc7 19. Rc1 c4 20. dxc4 bxc4 21. b3
Nd3 22. Rb1 cxb3 23. Bxb3 Nce5 24. Ba2 e6 25. Qc2 Rxb1 26. Rxb1 Qc6 27. Ng3 Qc7
28. Bd4 Rc8 29. Rb3 Nc5 30. Rb4 Nc6 31. Bxc5 dxc5 32. Kh2 cxb4 33. cxb4 Be5 34.
Qd3 Bxg3+ 0-1

[Event "8. Griesheimer Schachtage 2012"]
[Site "Griesheim"]
[Date "2012.05.20"]
[Round "5.31"]
[White "Winkler, Holger"]
[Black "Karsay, Pascal"]
[Result "1-0"]
[WhiteElo "1631"]
[BlackElo "1412"]
[PlyCount "45"]
[EventDate "2012.05.20"]

1. Nf3 Nf6 2. c4 g6 3. b4 Bg7 4. Bb2 O-O 5. g3 d5 6. cxd5 Nxd5 7. Bxg7 Kxg7 8.
Qc2 e6 9. Qb2+ Qf6 10. Qxf6+ Nxf6 11. Bg2 c6 12. Nc3 Nbd7 13. O-O Nd5 14. Rab1
e5 15. Nxd5 cxd5 16. Rfc1 e4 17. Nd4 Ne5 18. Rc7 Rb8 19. Rbc1 Bd7 20. f4 exf3
21. exf3 Rfd8 22. b5 Be8 23. Ne6+ 1-0

[Event "8. Griesheimer Schachtage 2012"]
[Site "Griesheim"]
[Date "2012.05.20"]
[Round "5.32"]
[White "Hollmann, Leon"]
[Black "Rimpler, Rafael"]
[Result "0-1"]
[WhiteElo "1077"]
[BlackElo "1581"]
[PlyCount "76"]
[EventDate "2012.05.20"]

1. e4 c5 2. Bc4 e6 3. Nf3 Nc6 4. c3 Nf6 5. d3 d5 6. Bb5 a6 7. Bxc6+ bxc6 8.
Nbd2 Be7 9. O-O O-O 10. Re1 Qc7 11. Nf1 a5 12. a4 Ba6 13. Ng3 Rab8 14. Qc2 Rb7
15. Be3 Rfb8 16. Rab1 Ng4 17. h3 Nxe3 18. Rxe3 c4 19. d4 Ba3 20. Ree1 Rxb2 21.
Rxb2 Rxb2 22. Qd1 Rb3 23. Qc2 Bd6 24. e5 Be7 25. Qd2 Qb6 26. Qf4 Qd8 27. Qd2 c5
28. Ra1 Qb6 29. Qf4 cxd4 30. cxd4 c3 31. Ng5 Bxg5 32. Qxg5 c2 33. Rc1 Rb1 34.
Nh5 Rxc1+ 35. Qxc1 Qb1 36. Qxb1 cxb1=Q+ 37. Kh2 Qb2 38. Ng3 Qxf2 0-1

[Event "8. Griesheimer Schachtage 2012"]
[Site "Griesheim"]
[Date "2012.05.20"]
[Round "5.33"]
[White "Fuchs, Andreas"]
[Black "Winter, Thomas"]
[Result "1-0"]
[WhiteElo "1558"]
[BlackElo "1066"]
[PlyCount "107"]
[EventDate "2012.05.20"]

1. e4 c5 2. Nf3 d6 3. d4 cxd4 4. Nxd4 Nf6 5. Nc3 a6 6. Bg5 e6 7. f4 Be7 8. Qf3
Nbd7 9. O-O-O e5 10. Nf5 O-O 11. Nxd6 Ne8 12. Bxe7 Qxe7 13. Nf5 Qc5 14. g4 Nb6
15. Kb1 Rb8 16. h4 g6 17. Ne3 Ng7 18. f5 Bd7 19. h5 g5 20. h6 Ne8 21. f6 Qc6
22. Rh5 Qxf6 23. Qxf6 Nxf6 24. Rxg5+ Kh8 25. Rd6 Ng8 26. Rxb6 f6 27. Rh5 Be8
28. Rh1 Ne7 29. Ned5 Ng8 30. Bxa6 Bd7 31. Be2 Bc6 32. Nd1 Rf7 33. N1e3 Ne7 34.
c4 Kg8 35. Rb3 Kf8 36. Rd3 Rd8 37. Rdd1 Ke8 38. Nf5 Bxd5 39. exd5 Kd7 40. Ng7
Ng6 41. Ne6 Rb8 42. c5 Ne7 43. Bb5+ Kc8 44. Rhf1 Ra8 45. Ng7 Ra5 46. a4 Kb8 47.
b4 Ra7 48. Ne8 Ng8 49. Nd6 Rf8 50. g5 b6 51. c6 Kc7 52. Nc4 Raa8 53. d6+ Kd8
54. Nxb6 1-0

[Event "8. Griesheimer Schachtage 2012"]
[Site "Griesheim"]
[Date "2012.05.20"]
[Round "5.34"]
[White "Morgenroth, Fabian"]
[Black "Klier, Michaela"]
[Result "1-0"]
[WhiteElo "1242"]
[BlackElo "960"]
[PlyCount "89"]
[EventDate "2012.05.20"]

1. d4 d5 2. c4 dxc4 3. Nf3 Nf6 4. Bg5 Ne4 5. e3 f6 6. Bf4 Be6 7. Nbd2 Nxd2 8.
Nxd2 g5 9. Bg3 Bd5 10. Nxc4 e5 11. dxe5 Bb4+ 12. Nd2 Nc6 13. f3 fxe5 14. Be2
Qf6 15. e4 Be6 16. O-O O-O-O 17. Be1 h5 18. Qc1 h4 19. a3 Bc5+ 20. Qxc5 Nd4 21.
Rf2 Kb8 22. b4 Qf4 23. Qc1 Qe3 24. Bc4 g4 25. Bxe6 Nxe6 26. fxg4 Rdf8 27. Nf3
Qxe4 28. Nd2 Qe3 29. Nc4 Qe4 30. Qc2 Qd4 31. Rd1 Qxg4 32. Rxf8+ Rxf8 33. Nxe5
Nd4 34. Nxg4 Nxc2 35. Bxh4 Kc8 36. Rf1 Re8 37. Bg3 b6 38. Rc1 Re2 39. h4 Kd7
40. h5 Nxa3 41. h6 Re6 42. h7 Rg6 43. h8=Q Rxg4 44. Rxc7+ Ke6 45. Qe5# 1-0